| 000 | 00650nam a2200181 i 4500 | ||
|---|---|---|---|
| 001 | 40300 | ||
| 003 | ES-MaACL | ||
| 005 | 20230906160203.0 | ||
| 007 | t| | ||
| 008 | 030305s1952 sp ||||1| spa d | ||
| 100 | 1 |
_aCarrasco García, José María. _935554 |
|
| 245 | 1 | 0 |
_aCompendio arrozero / _cpor José María Carrasco García. |
| 250 |
_a1ª ed. _bpatrocinada por la Federación Sindical de Agricultores Arroceros de España. |
||
| 260 |
_aValencia : _bEdit. Guerri, _c1952. |
||
| 300 |
_a447 p. : _bil., 4 lám. ; _c21 cm. |
||
| 710 | 2 |
_aFederación Sindical de Agricultores Arroceros de España. _94117 |
|
| 852 |
_aES-MaACL _jD-5254 _bR.32415 |
||
| 999 |
_c40300 _d40300 |
||